000 00412nam a22001697a 4500
005 20180810112447.0
008 160623b xxu||||| |||| 00| 0 eng d
020 _a0-19-9204407-0
041 _aeng
082 _b9076
_a658.3
100 _aTAYEB, MONIR H.
_92555
245 _aInternational Human Resource Management
260 _bOxford
_c2008
300 _a40-28P,
650 _aManagement
_9241
942 _cBK
999 _c3639
_d3638